| 000 | 00000nam 2200000za 4500 |
| 001 | 9.637240 |
| 003 | CaOODSP |
| 005 | 20220512143547 |
| 007 | cr ||||||||||| |
| 008 | 150407|2010||||xxc|||||o f|0| 0 fre d |
| 020 | |a978-1-100-93596-6 |
| 040 | |aCaOODSP|bfre |
| 043 | |an-cn--- |
| 086 | 1 |aFA3-54/2010F-PDF |
| 110 | 1 |aCanada. |bBureau du vérificateur général. |
| 245 | 10|aDescription des attentes : |h[ressource électronique]|bguide à l'intention des sociétés d'Ètat soumises à un examen spécial |
| 260 | |aOttawa - Ontario : |bBureau du vérificateur général du Canada |cc2010. |
| 300 | |a26p.|btableaux |
| 590 | |a10-08|b2010-02-26 |
| 775 | 08|tWhat to expect : |w(CaOODSP)9.693037 |
| 794 | |tDescription des attentes : |w(CaOODSP)9.640506 |
| 856 | 40|ahttp://publications.gc.ca|qPDF|s370 Ko|uhttps://publications.gc.ca/collections/collection_2010/bvg-oag/FA3-54-2010-fra.pdf |